000 00788nam a2200205 a 4500
005 20260322212053.0
008 data
020 _a0451522389
020 _a978-0-451-52238-2
040 _aDonation
099 _aWELLSH
100 1 _aWells, H. G.
_d1866-1946.
_q(Herbert George),
245 1 4 _aThe Time Machine ; and, The Invisible Man
_cH. G. Wells.
260 _aNew York
_bSignet Classic
_c 1984
300 _axxiii, 278 p. ;
_c 18 cm.
520 _aIn the first of these two science fiction stories a scientist invents a machine that transports him into the future. In the second story a man watches his body slowly become invisible. The only one-volume edition of these classic works of science fiction.
650 4 _aScience fiction.
650 4 _aTime travel
_vfiction
001 data
999 _c1250
_d1250